000 00504nam a22001817a 4500
005 20240723093343.0
008 240723b |||||||| |||| 00| 0 eng d
020 _a9780135262153
082 _a686.225
_bDEJ-C
100 _aDejarld, Tina
245 _aAdobe InDesign CC Classroom in a Book /
_cKelly Kordes Anton
260 _aUSA:
_bIndia:
_c2019.
300 _axiv, 429 p. :
_bill;
_c24 cm.
500 _ainclude index.
650 _aGraphic design
700 _aKelly Kordes Anton
999 _c36171
_d36171